Online
Catalog

Bola de nieve / (Record no. 16977)

MARC details
000 -CABECERA
campo de control de longitud fija 00790nam a2200217 a 4500
001 - NÚMERO DE CONTROL
campo de control 000017452
005 - FECHA Y HORA DE LA ÚLTIMA TRANSACCIÓN
campo de control 20200929165122.0
008 - DATOS DE LONGITUD FIJA--INFORMACIÓN GENERAL
campo de control de longitud fija 100324s2004 cu ag 000 0 spa d
020 ## - NÚMERO INTERNACIONAL ESTÁNDAR DEL LIBRO
Número Internacional Estándar del Libro 9591008821
040 ## - FUENTE DE LA CATALOGACIÓN
Centro catalogador/agencia de origen DO-SdBNP
Lengua de catalogación spa
Centro/agencia transcriptor BNPHU
082 ## - NÚMERO DE LA CLASIFICACIÓN DECIMAL DEWEY
Número de clasificación 927.91
Número de documento/Ítem V712b
245 00 - MENCIÓN DE TÍTULO
Título Bola de nieve /
Mención de responsabilidad, etc. edición Nisleidys Flores Carmona ; selección de textos, anexos y notas Miguelito Ojeda.
250 ## - MENCIÓN DE EDICIÓN
Mención de edición Edicción corregida y aumentada
260 ## - PUBLICACIÓN, DISTRIBUCIÓN, ETC.
Lugar de publicación, distribución, etc. La Habana :
Nombre del editor, distribuidor, etc. Letras Cubanas,
Fecha de publicación, distribución, etc. 2004.
300 ## - DESCRIPCIÓN FÍSICA
Extensión 124 p. :
Otras características físicas il., mús ;
Dimensiones 19 cm.
500 ## - NOTA GENERAL
Nota general Incluye bibliografías :p. 123-124
600 10 - PUNTO DE ACCESO ADICIONAL DE MATERIA--NOMBRE DE PERSONA
Nombre de persona VILLA Y FERNÁNDEZ, IGNACIO JACINTO,
Subdivisión cronológica 1911-1972
9 (RLIN) 38161
650 #4 - PUNTO DE ACCESO ADICIONAL DE MATERIA--TÉRMINO DE MATERIA
Término de materia o nombre geográfico como elemento de entrada Músicos cubanos
Subdivisión general Biografía
9 (RLIN) 38162
700 1# - PUNTO DE ACCESO ADICIONAL--NOMBRE DE PERSONA
Nombre de persona Flores Carmona, Nisleidys,
Término indicativo de función/relación ed.
9 (RLIN) 2952
700 1# - PUNTO DE ACCESO ADICIONAL--NOMBRE DE PERSONA
Nombre de persona Ojeda, Miguelito
9 (RLIN) 38163
Holdings
Estado de retiro Estado de pérdida Restricciones de uso No para préstamo Código de colección Localización permanente Ubicación/localización actual Ubicación en estantería Fecha de adquisición Número de inventario Total de préstamos Signatura topográfica completa Código de barras Fecha visto por última vez Precio válido a partir de Tipo de ítem Koha Número de copia
      Excluido de préstamo Monografías: Libros y Folletos General General Depósito 24.03.2010 LF1   927.91 V712b 17452-10 25.06.2020 25.06.2020 No se presta  
  Extraviado   Excluido de préstamo Monografías: Libros y Folletos General General Extraviado 16.05.2017 LF1   927.91 V712b 17452-20 25.06.2020 25.06.2020 No se presta e. 2

Powered by Koha